• 首页
  • 本馆介绍
  • 公告通知
  • 最新文献
  • 馆藏检索
  • 电子资源
  • 读者导购
  • 参考咨询
  • 我的图书馆
  • 登录
  • 详细信息显示
  • 放入我的书架
  • 预约/预借图书
  • 作者相关作品
  • 分类相关作品
  • 丛书相关作品
  • 出版社相关作品

书目信息

  • 表格格式
  • 工作单格式
  • 卡片格式
题名:
章太炎选集
    
 
作者: 章太炎 著 ;朱维铮 , 姜义华 编注
分册:  
出版信息: 上海   上海人民出版社  1981
页数: 638页
开本: 21cm
丛书名:
单 册:
中图分类: K257.1
科图分类:
主题词: 中国--历史--1840~1949
电子资源:
ISBN:
000 00758nam0 2200265 45
001 0181004513
005 20040505144512.3
010    @dCNY2.45
091    @b11074.485
100    @a19950208d1981 em y0chiy0121 ea
101 0  @achi
102    @aCN@b310000
105    @ac z 000yy
106    @ar
200 10 @a章太炎选集@Azhang tai yan xuan ji@e注释本@f章太炎著@g朱维铮, 姜义华等编注
210    @a上海@c上海人民出版社@d1981
215    @a638页@c照片@d21cm
606 0  @a中国@x历史@z1840~1949
690    @aK257.1
701  0 @a章太炎@Azhang tai yan@4著
702  0 @a朱维铮@Azhu wei zheng@4编注
702  0 @a姜义华@Ajiang yi hua@4编注
801  0 @aCN@b上海图书馆@c20040505
801  2 @aCN@bNLC@c20040505
905    @b73380-381@f2@dK257.1@e13
    
    章太炎选集:注释本/章太炎著/朱维铮, 姜义华等编注.-上海:上海人民出版社,1981
    638页:照片;21cm
    
    
    ISBN :CNY2.45
    
●
相关链接 在E读中查询图书 在五车中查询图书 在当当中查询图书 在豆瓣中查询图书


正题名:章太炎选集     索取号:K257.1/13         预约/预借

序号 登录号 条形码 馆藏地/架位号 状态 备注
1 0073380   001293326   第二借阅区/ [索取号:K257.1/13] 在馆    
2 0073381   001293255   第二借阅区/ [索取号:K257.1/13] 在馆    
3 0073382   001293317   第二样本阅览室/ [索取号:K257.1/13] 在馆    
唐山师范学院图书馆 欢迎您!
大连网信软件有限公司© 版权所有